000 00339nam a2200145Ia 4500
008 240624s9999 xx 000 0 und d
041 _aeng
082 _a519.5 NAG
100 _aNAGAR A L
245 _aBASIC STATISTICS
250 _a(2nd ed.)
260 _c2006
_aNew Delhi
_bOxford
300 _ax, : 424 : p. : cm. ; 21
365 _cRS
999 _c24400
_d24400